Every Disney And Pixar Animated Movie - Statistics

General Stats
  • This quiz has been taken 194 times
    72 since last reset
  • The average score is 49 of 162
Answer Stats
Year Movie % Correct
1937 Snow White
88%
1995 Toy Story
82%
1999 Toy Story 2
76%
2010 Toy Story 3
76%
2013 Frozen
73%
1991 Beauty And The Beast
70%
1950 Cinderella
70%
2019 Frozen 2
70%
1995 Pocahontas
70%
1992 Aladdin
67%
2019 Toy Story 4
67%
1942 Bambi
64%
2003 Finding Nemo
64%
2009 Princess And The Frog
64%
1959 Sleeping Beauty
64%
2004 The Incredibles
64%
2012 Brave
61%
2006 Cars
61%
1941 Dumbo
61%
2021 Encanto
61%
2016 Moana
61%
1998 Mulan
61%
2010 Tangled
61%
1994 The Lion King
61%
1989 The Little Mermaid
61%
1998 A Bug's Life
58%
1940 Fantasia
58%
2016 Finding Dory
58%
2024 Moana 2
58%
2001 Monsters Inc
58%
1961 One Hundred And One Dalmatians
58%
1940 Pinocchio
58%
1999 Tarzan
58%
2011 Cars 2
55%
2017 Cars 3
55%
2017 Coco
55%
2015 Inside Out
55%
1953 Peter Pan
55%
2018 Incredibles 2
52%
2024 Inside Out 2
52%
2013 Monsters University
52%
2009 Up
52%
1951 Alice In Wonderland
48%
1955 Lady And The Tramp
48%
2002 Lilo & Stitch
48%
2007 Ratatouille
45%
1967 The Jungle Book
45%
2012 Wreck It Ralph
45%
2016 Zootopia
45%
2014 Big Hero 6
42%
1970 The Aristocats
42%
1981 The Fox And The Hound
42%
1977 The Many Adventures Of Winnie The Pooh
42%
1963 The Sword In The Stone
42%
2011 Winnie The Pooh
42%
2008 Bolt
39%
2018(Part Animated) Christopher Robin
39%
2002 Cinderella 2
39%
2023 Elemental
39%
1997 Hercules
39%
2004 Mulan 2
39%
2018 Ralph Breaks The Internet
39%
1973 Robin Hood
39%
2015 The Good Dinosaur
39%
2022 Turning Red
39%
2008 Wall-E
39%
2003 Brother Bear
36%
2007 Cinderella 3
36%
2020 Soul
36%
202? Toy Story 5
36%
2001 Atlantis The Lost Empire
33%
2025 Elio
33%
2022 Lightyear
33%
1996 The Hunchback Of Notre Dame
33%
2005 Chicken Little
30%
2000 Dinosaur
30%
2021 Luca
30%
1964(Part Animated) Mary Poppins
30%
2020 Onward
30%
2021 Raya And The Last Dragon
30%
2007 Meet The Robinsons
27%
1988 Oliver & Company
27%
2005 Tarzan 2
27%
1985 The Black Cauldron
27%
2000 The Emperor's New Groove
27%
1986 The Great Mouse Detective
27%
2000 The Little Mermaid 2
27%
1977 The Rescuers
27%
1944 The Three Caballeros
27%
2002 Treasure Planet
27%
1947 Fun And Fancy Free
24%
1998 Pocahontas 2
24%
2022 Strange World
24%
2000 Fantasia 2000
21%
2005 Lilo & Stitch 2
21%
1946 Make Mine Music
21%
2004 Home On The Range
18%
1948 Melody Time
18%
2013 Planes
18%
1942 Saludos Amigos
18%
1949 The Adventures Of Ichabod And Mr Toad
18%
1990 The Rescuers Down Under
18%
2008 Tinker Bell
18%
1977(Part Animated) Pete's Dragon
15%
1946(Part Animated) Song Of The South
15%
2003 The Jungle Book 2
15%
1995 A Goofy Movie
12%
2006 Bambi 2
12%
1971(Part Animated) Bedknobs And Broomsticks
12%
2006 Brother Bear 2
12%
2006 The Fox And The Hound 2
12%
2008 The Little Mermaid 3
12%
1941 The Reluctant Dragon
12%
1996 Aladdin And The King Of Thieves
9%
2003 Atlantis Milos Return
9%
2025 Frozen 3
9%
1996 James And The Giant Peach
9%
2004 The Lion King 3
9%
2000 An Extremely Goofy Movie
6%
2005 Kronk's New Groove
6%
2006 Leroy & Stitch
6%
2018 (Part Animated) Mary Poppins Returns
6%
1948(Part Animated) So Dear To My Heart
6%
2002 The Hunchback Of Notre Dame 2
6%
2006 The Wild
6%
1994 Aladdin The Return Of Jafar
3%
1997 Beauty And The Beast The Enchanted Christmas
3%
1990 DuckTales The Movie
3%
2001 Lady And The Tramp 2 Scamp's Adventure
3%
2003 Piglet's Big Movie
3%
1997 Pooh's Grand Adventure
3%
2005 Pooh's Heffalump Movie
3%
2001 Recess School's Out
3%
2003 Stitch The Movie
3%
2002 Tarzan & Jane
3%
2004 Teacher's Pet
3%
2014 The Pirate Fairy
3%
2010 Tinker Bell And The Great Fairy Rescue
3%
2014 Tinker Bell And The Legend Of The NeverBeast
3%
2012 Tinker Bell And The Secret Of The Wings
3%
2005 Valiant
3%
1988(Part Animated) Who Framed Roger Rabbit
3%
2004 Winnie The Pooh Springtime With Roo
3%
2003 101 Dalmatians 2 Patch's London Adventure
0%
2009 A Christmas Carol
0%
2000 Buzz Lightyear Of Star Command The Adventure Begins
0%
2022(Part Animated) Chip 'n Dale Rescue Rangers
0%
2011 Gnomeo And Juliet
0%
2005 Kim Possible Movie So the Drama
0%
2011 Mars Needs Moms
0%
1983 Mickey's Christmas Carol
0%
2002 Peter Pan Return To Neverland
0%
2011 Phineas And Ferb The Movie Across The 2nd Dimension
0%
2020 Phineas And Ferb The Movie Candace Against The Universe
0%
2014 Planes Fire & Rescue
0%
2003 Recess Taking The 5th Grade
0%
2021 Ron's Gone Wrong
0%
2016(Part Animated) The BFG
0%
1998 The Lion King 2 Simba's Pride
0%
2000 The Tiger Movie
0%
2009 Tinker Bell And The Lost Treasure
0%
2002 Winnie The Pooh A Very Merry Pooh Year
0%
No matching quizzes found
Score Distribution
Percent of People with Each Score
Percentile by Number Answered
Your Score History
You have not taken this quiz since the last reset